| 000 | 00465nam a2200145Ia 4500 | ||
|---|---|---|---|
| 008 | 210430s9999 xx 000 0 und d | ||
| 020 | _a0130613452 (hardcover) | 97801 | ||
| 082 | _a551 C553 G | ||
| 100 | _aChristopherson, Robert W. | ||
| 245 |
_aGeosystems : _cChristopherson, Robert W. |
||
| 260 |
_a[S.l.] : _bAddison Wesley Longman, _c2001 |
||
| 300 | _a688 p. ; | ||
| 856 | _uhttp://www.amazon.com/exec/obidos/ASIN/0130613452/chopaconline-20 | ||
| 942 | _2ddc | ||
| 999 |
_c561618 _d561618 |
||